000 00809nam a22002057a 4500
999 _c26581
_d26581
005 20200521112314.0
010 _aB-327560
020 _c180.00
035 _aB-327560
037 _bBPPD/Pub.
082 _a616.07
100 _aانصا ری،محّمد يوسف
245 _aعلم الامراض /
_cمحّمد يوسف انصاری
246 _aIlmul Amraz (Pathology) /
_bby Mohd. Yusuf Ansari
260 _aنئ دلّی
_bاعجا ز پبلشنگ ہاؤس
_c2008 ء
270 _a2861, kucha Chelan, Darya Ganj
_bNew Delhi
_e110002
300 _a392p.
_c21cm(Hb)
942 _2ddc
_cUR
_h616.07
_mا ن ص